000
00223nam a22001097a 4500
082
_a
669.142 STE'E
245
_a
STEEL DESIGNER'S MANUAL
250
_a
2ND
260
_a
LONDON
_b
ELBS
_c
1966
300
_a
1086P
942
_c
BK
999
_c
584826
_d
584826